000 00584nam a2200229Ia 4500
003 OSt
005 20220924145734.0
006 a|||||r|||| 00| 0
007 ta
008 220923b |||||||| |||| 00| 0 mal d
024 _a330000
037 _cTextual
040 _aARTS
_cARTS
_bmal
041 _2mal
_amal
082 _aO32,3NVKN,13, K3
100 _aV.K.N. Au.
_9220439
245 0 _aOnnuthottal moonnu
260 _c1963
650 _aMALAYALAM LITERATURE
_938866
942 _hO32,3NVKN,13, K3
_cTEXL
_2CC
999 _c460989
_d460989